| 000 | 00796nam a2200265Ia 4500 | ||
|---|---|---|---|
| 003 | OSt | ||
| 005 | 20221006155116.0 | ||
| 006 | a|||||r|||| 00| 0 | ||
| 007 | ta | ||
| 008 | 221006b |||||||| |||| 00| 0 eng d | ||
| 020 |
_a9780700710041 _c¥6513 |
||
| 024 | _a40,387 | ||
| 037 |
_bGift, Japan Foundation _cTextual |
||
| 040 |
_aEASL _cEASL _beng |
||
| 041 |
_2eng _aeng |
||
| 082 | _aO42:(S:5)v, P0 | ||
| 100 |
_aKINSELLA Sharon Au. _9668346 |
||
| 245 | 0 |
_aAdult manga _b Culture and power in contemporary Japanese society |
|
| 260 |
_aLondon _bRoutledge _c2000 |
||
| 300 |
_a240p. _ccm. |
||
| 490 |
_v JEL _aConsumAsiaN Book Series |
||
| 650 | _aJEL | ||
| 942 |
_hO42:(S:5)v, P0 _cTEXL _2CC |
||
| 999 |
_c1108473 _d1108473 |
||